000 00615nam a2200181 i 4500
001 24085
003 ES-MaACL
005 20250720013019.0
007 t|
008 021216s1963 sp ||||1| spa d
100 1 _aAmat, Pedro.
_921134
245 1 0 _aEnciclipedia de progénesis y de los primeros estadios de embriología comparada
_b: con dibujos para las clases prácticas /
_cPedro Amat.
260 _aSalamanca :
_bFacultad de Medicina,
_c1963.
300 _a44 p., 22 lám. ;
_c28 cm.
650 7 _aEmbriología
_2embne
_9135971
852 _aES-MaACL
_jC-25190
_bR.53009
999 _c24085
_d24085